| 000 | 00377cam a2200157ua 4500 | ||
|---|---|---|---|
| 041 |
_aeng _h |
||
| 082 |
_a631.8 _bHAL/FE |
||
| 100 | _aHall, Daniel.A . | ||
| 245 |
_aFertilizers and manures / _cA Daniel Hall. _hTextual Documents |
||
| 250 |
_a4 / _b. |
||
| 260 |
_aLondon : _bJohn Murray , _c1948. |
||
| 300 | _a333 ; . | ||
| 504 | _a | ||
| 942 | _cBK | ||
| 999 |
_c2621 _d2621 |
||